|
|
|
|
| LEADER |
00000nab a2200000 4500 |
| 001 |
vtls011775095 |
| 003 |
SK-MaSNL |
| 005 |
20260303234903.0 |
| 008 |
180828|2018 xo |||| || ||00 0|slo |
| 015 |
|
|
|a SNBRB2018/08
|
| 040 |
|
|
|a DSZK
|b slo
|c DSZK
|e rda
|
| 041 |
|
|
|a slo
|a hun
|
| 043 |
|
|
|a e-xo---
|
| 044 |
|
|
|a xo
|c SK
|
| 072 |
|
7 |
|a 797
|x Vodné športy. Letecké športy
|2 konspekt
|
| 080 |
|
|
|a 797.122.2.071.2
|x (437.612)
|2 2011
|
| 100 |
1 |
|
|a Duducz, Tibor
|4 aut
|9 1108642
|
| 245 |
1 |
0 |
|a Fantastický kajakársky jún
|c Tibor Duducz
|
| 300 |
|
|
|b Fotografie
|
| 336 |
|
|
|a text
|b txt
|2 rdacontent
|
| 337 |
|
|
|a bez média
|b n
|2 rdamedia
|
| 338 |
|
|
|a zväzok
|b nc
|2 rdacarrier
|
| 546 |
|
|
|a Dvojjazyčné vydanie
|
| 610 |
2 |
7 |
|a Kajak canoe klub (Šamorín, Slovensko)
|2 dszk
|9 1194128
|
| 650 |
0 |
7 |
|a kajakári
|2 SNKPH
|9 57957
|
| 651 |
|
7 |
|a Šamorín (Slovensko)
|2 SNKPHgeo
|9 28925
|
| 773 |
0 |
|
|t Šamorín a okolie = Somorja és vidéke
|g Roč. XXVIII, č. 7-8 (2018), s. 17
|x 1338-9068
|
| 958 |
|
|
|a SK
|
| 958 |
|
|
|a RG
|
| 999 |
|
|
|c 2523148
|d 2525078
|